[Event "FRA T II 20102011"]
[Site "FRA"]
[Date "2010.10.17"]
[Round "1.4"]
[White "Delabre, Tony"]
[Black "Zienkiewicz, Alexandre"]
[Result "1/2-1/2"]
[WhiteElo "2080"]
[BlackElo "2051"]
[PlyCount "114"]
[EventDate "2010.11.13"]
[EventType "team-match"]
[EventRounds "9"]
[EventCountry "FRA"]
[Source "FFE"]
[SourceDate "2010.10.29"]

1. e4 e6 2. d4 d5 3. Nc3 Nf6 4. Bg5 Bb4 5. e5 h6 6. Bd2 Bxc3 7. bxc3 Ne4 8. h4
Nxd2 9. Qxd2 c5 10. Rh3 Nc6 11. h5 Qa5 12. Nf3 cxd4 13. cxd4 Qxd2+ 14. Kxd2 Bd7
15. g4 f6 16. c3 Rf8 17. Bd3 fxe5 18. dxe5 O-O-O 19. Rg1 Rf4 20. Ke3 Rdf8 21.
g5 Be8 22. Rgg3 a6 23. Rh1 Kb8 24. gxh6 gxh6 25. Bg6 Bd7 26. Rd1 Kc8 27. Rd2
Kc7 28. Bd3 Be8 29. Rg7+ Kc8 30. Be2 Bxh5 31. Nd4 Bxe2 32. Rxe2 Nxd4 33. cxd4
Rf3+ 34. Kd2 Rxf2 35. Rg6 Rxe2+ 36. Kxe2 Re8 37. Rxh6 Kc7 38. Kd3 Kc6 39. Kc3
Kb5 40. Kb3 Re7 41. a4+ Ka5 42. Rf6 b5 43. axb5 Kxb5 44. Rf8 Rc7 45. Rb8+ Ka5
46. Re8 Rc6 47. Re7 Rb6+ 48. Ka3 Kb5 49. Kb3 Rc6 50. Rb7+ Ka5 51. Re7 Rb6+ 52.
Ka3 Rb4 53. Rxe6 Rxd4 54. Rd6 Kb5 55. e6 Kc5 56. Rxa6 Re4 57. Kb3 Kb5 1/2-1/2

[Event "FRA T II 20102011"]
[Site "FRA"]
[Date "2010.11.13"]
[Round "2.1"]
[White "Strugnell, Carl"]
[Black "Mohebbi, Jaffar"]
[Result "1-0"]
[WhiteElo "2223"]
[BlackElo "2318"]
[PlyCount "113"]
[EventDate "2010.11.13"]
[EventType "team-match"]
[EventRounds "9"]
[EventCountry "FRA"]
[Source "FFE"]
[SourceDate "2010.10.29"]

1. e4 c5 2. Nc3 Nc6 3. Bb5 e5 4. Nge2 Bd6 5. d3 Nge7 6. a4 O-O 7. O-O Bc7 8.
Be3 b6 9. Bc4 Bb7 10. Nd5 Nd4 11. Nec3 Ng6 12. Nb5 Bb8 13. c3 Ne6 14. g3 Kh8
15. Qh5 Ne7 16. Nxe7 Qxe7 17. Bd5 g6 18. Qf3 Bxd5 19. exd5 Ng7 20. a5 Bd6 21.
axb6 axb6 22. Rxa8 Rxa8 23. Bg5 Qxg5 24. Nxd6 Qe7 25. Nxf7+ Kg8 26. Nh6+ Kh8
27. d6 Qf8 28. Qd5 Re8 29. Nf7+ Kg8 30. Nxe5+ Re6 31. Ra1 Ne8 32. Ra8 Kg7 33.
Rd8 Rxd6 34. Rxd7+ Rxd7 35. Qxd7+ Kh8 36. Qe6 Nf6 37. Nf7+ Kg7 38. Nd6 h5 39.
Ne4 Nxe4 40. Qxe4 Qf7 41. d4 Qa7 42. Kg2 cxd4 43. Qxd4+ Kf7 44. h4 Qb7+ 45. Kh2
b5 46. b3 Ke6 47. Qe3+ Kf6 48. c4 bxc4 49. Qd4+ Kf5 50. Qf4+ Ke6 51. Qxc4+ Kf6
52. b4 g5 53. Qd4+ Kg6 54. Qd6+ Kf5 55. Qc5+ Kg4 56. Qxg5+ Kf3 57. Qe3+ 1-0

[Event "FRA T II 20102011"]
[Site "FRA"]
[Date "2010.11.13"]
[Round "2.7"]
[White "Schmitt, Fabien"]
[Black "Roth, Antoine"]
[Result "0-1"]
[WhiteElo "2115"]
[BlackElo "1961"]
[PlyCount "112"]
[EventDate "2010.11.13"]
[EventType "team-match"]
[EventRounds "9"]
[EventCountry "FRA"]
[Source "FFE"]
[SourceDate "2010.10.29"]

1. d4 d5 2. c4 e6 3. Nc3 c5 4. Nf3 Nc6 5. e3 Nf6 6. a3 a6 7. cxd5 exd5 8. Be2
Bd6 9. dxc5 Bxc5 10. b4 Ba7 11. Ra2 Be6 12. Rd2 Qc7 13. Bb2 O-O 14. Bd3 b5 15.
Ne2 Ng4 16. Qa1 f6 17. Nf4 Bf7 18. Nd4 Bxd4 19. Bxd4 Rfe8 20. g3 Nge5 21. Be2
Nc4 22. Rc2 Rad8 23. O-O Nxd4 24. Qxd4 Re4 25. Qd3 Qb6 26. Bf3 Re5 27. Rd1 Nxe3
28. fxe3 Rxe3 29. Qd4 Qxd4 30. Rxd4 Rxf3 31. Ra2 g5 32. Nd3 Re8 33. a4 Bg6 34.
Nc5 Bb1 35. Rb2 Re1+ 36. Kg2 Rf5 37. h3 bxa4 38. g4 Rfe5 39. Nxa4 Be4+ 40. Kf2
Rh1 41. Kg3 f5 42. gxf5 Bxf5 43. Rf2 Rxh3+ 44. Kg2 Rhe3 45. Nc5 Be4+ 46. Kf1
Bf3 47. Nd3 Be2+ 48. Rxe2 Rxe2 49. Nxe5 Rxe5 50. Kf2 Kf7 51. Kf3 Ke6 52. Rd3
Re4 53. Ra3 Rxb4 54. Rxa6+ Ke5 55. Ra7 h5 56. Re7+ Kd4 0-1

[Event "FRA T II 20102011"]
[Site "FRA"]
[Date "2010.11.13"]
[Round "2.1"]
[White "Vicol, Dorian"]
[Black "Esprit, Yohann"]
[Result "1/2-1/2"]
[WhiteElo "2364"]
[BlackElo "2230"]
[PlyCount "111"]
[EventDate "2010.11.13"]
[EventType "team-match"]
[EventRounds "9"]
[EventCountry "FRA"]
[Source "FFE"]
[SourceDate "2010.10.29"]

1. e4 c5 2. Nf3 Nc6 3. d4 cxd4 4. Nxd4 g6 5. c4 Bg7 6. Be3 Nf6 7. Nc3 O-O 8.
Be2 d6 9. O-O Nxd4 10. Bxd4 Bd7 11. f4 Bc6 12. e5 dxe5 13. fxe5 Ne8 14. b4 b6
15. b5 Bb7 16. Nd5 Nc7 17. Nf4 g5 18. Nh5 Ne6 19. Bc3 Qxd1 20. Raxd1 Rad8 21.
Nxg7 Kxg7 22. g3 Be4 23. Kf2 Rxd1 24. Rxd1 Rd8 25. Rxd8 Nxd8 26. Bb4 Kf8 27. c5
Ne6 28. cxb6 axb6 29. Bd2 Bd5 30. a3 Nd4 31. Bd3 Nf3 32. Bc3 Ke8 33. Bxh7 Nxh2
34. Bd4 Ng4+ 35. Ke2 e6 36. Bxb6 Nxe5 37. Bc7 Nc4 38. a4 Kd7 39. Bb8 f5 40. Kd3
Nb2+ 41. Kd4 Nxa4 42. Bxf5 exf5 43. Kxd5 f4 44. gxf4 gxf4 45. Kc4 Kc8 46. Bxf4
Nb6+ 47. Kc5 Kb7 48. Be3 Nc8 49. Kd5 Ne7+ 50. Ke6 Nc8 51. Kd5 Ne7+ 52. Kc4 Nc8
53. Bc5 Nb6+ 54. Kb4 Nd5+ 55. Ka5 Nc7 56. b6 1/2-1/2

[Event "FRA T II 20102011"]
[Site "FRA"]
[Date "2010.11.13"]
[Round "2.3"]
[White "Blum, Nicolas"]
[Black "Schwicker, Francois"]
[Result "0-1"]
[WhiteElo "2278"]
[BlackElo "2184"]
[PlyCount "108"]
[EventDate "2010.11.13"]
[EventType "team-match"]
[EventRounds "9"]
[EventCountry "FRA"]
[Source "FFE"]
[SourceDate "2010.10.29"]

1. e4 e5 2. Bc4 Nf6 3. d3 d5 4. exd5 Nxd5 5. Nf3 Nc6 6. O-O Bg4 7. h3 Bh5 8.
Re1 Be7 9. g4 Bg6 10. Nxe5 Nxe5 11. Rxe5 Nb6 12. Bb3 O-O 13. Nc3 Kh8 14. Qf3 f5
15. Qg2 Bd6 16. Re2 fxg4 17. hxg4 Qh4 18. Ne4 Bxe4 19. Rxe4 Nd7 20. Be3 Nf6 21.
Rd4 Be5 22. Ra4 b5 23. Rxa7 Rae8 24. Bc5 Nxg4 25. Bxf8 Nxf2 26. Bxg7+ Bxg7 27.
Ra8 Nh3+ 28. Qxh3 Bd4+ 29. Kh2 Be5+ 30. Kg2 Qg5+ 31. Kf3 Rxa8 32. Rh1 Qe7 33.
Qe6 Rf8+ 34. Ke2 Qg5 35. Bd5 Bd4 36. Bf3 Qg3 37. Qe4 Qf2+ 38. Kd1 Qxf3+ 39.
Qxf3 Rxf3 40. c3 Bf6 41. Rh5 c6 42. Ke2 Rg3 43. Rc5 Rg2+ 44. Ke3 Rxb2 45. Rxc6
Bg5+ 46. Ke4 Rxa2 47. Rc5 Bf6 48. Rxb5 Bxc3 49. Kf5 Rf2+ 50. Kg5 Bf6+ 51. Kg4
Kg7 52. Rd5 Kg6 53. d4 Rd2 54. Kh3 h5 {suite illisible} 0-1

[Event "FRA T II 20102011"]
[Site "FRA"]
[Date "2010.10.17"]
[Round "1.3"]
[White "Mohebbi, Jaffar"]
[Black "Graeber, Fabien"]
[Result "1-0"]
[WhiteElo "2314"]
[BlackElo "2108"]
[PlyCount "105"]
[EventDate "2010.11.13"]
[EventType "team-match"]
[EventRounds "9"]
[EventCountry "FRA"]
[Source "FFE"]
[SourceDate "2010.10.29"]

1. d4 d5 2. Nf3 Nf6 3. g3 g6 4. Bg2 Bg7 5. c4 c6 6. O-O O-O 7. Nc3 Ne4 8. Be3
Nxc3 9. bxc3 dxc4 10. Nd2 Be6 11. Rb1 Qc8 12. Qa4 b5 13. Qa3 Nd7 14. Qxe7 Nb6
15. Qh4 Bd5 16. Ne4 Bxe4 17. Bxe4 Qe6 18. Bf3 Nd5 19. Bd2 f5 20. Qh3 Rfe8 21.
Qg2 Rad8 22. Rfe1 a6 23. h3 Qd6 24. e4 fxe4 25. Rxe4 Rxe4 26. Bxe4 c5 27. dxc5
Qxc5 28. Qf3 Nf6 29. Be3 Qe5 30. Bb7 Qxc3 31. Bxa6 Nd5 32. Rd1 Qf6 33. Qxf6
Bxf6 34. Bxb5 Nxe3 35. Rxd8+ Bxd8 36. fxe3 c3 37. Ba4 Kg7 38. Kf2 h5 39. Ke2
Bc7 40. Kd3 Bxg3 41. Kxc3 Be1+ 42. Kc4 g5 43. Bd1 g4 44. hxg4 hxg4 45. Bxg4 Kf6
46. Kd5 Ke7 47. e4 Bb4 48. a4 Ba5 49. Bf5 Kf6 50. Kc5 Ke5 51. Kb5 Bc3 52. a5
Kd6 53. Kb6 1-0

[Event "FRA T II 20102011"]
[Site "FRA"]
[Date "2010.10.17"]
[Round "1.4"]
[White "Lutz, Bernhard"]
[Black "Letzelter, Jean Claude"]
[Result "1-0"]
[WhiteElo "2289"]
[BlackElo "2236"]
[PlyCount "103"]
[EventDate "2010.11.13"]
[EventType "team-match"]
[EventRounds "9"]
[EventCountry "FRA"]
[Source "FFE"]
[SourceDate "2010.10.29"]

1. d4 d5 2. c4 e6 3. Nc3 Be7 4. Nf3 Nf6 5. Bg5 Nbd7 6. cxd5 exd5 7. e3 Nf8 8.
Qc2 Ne6 9. Bh4 g6 10. Bd3 Ng7 11. Bg3 c6 12. Be5 O-O 13. h3 Bf5 14. g4 Bxd3 15.
Qxd3 Qa5 16. Nd2 Rae8 17. O-O-O b5 18. Kb1 Qd8 19. Rdg1 Nd7 20. Bf4 Nb6 21. h4
Bxh4 22. Rg2 Bg5 23. Rgh2 Bxf4 24. exf4 f5 25. Rxh7 Qf6 26. g5 Qd6 27. Ne2 Qe6
28. Ng3 Qd6 29. R7h4 Nc4 30. Nf3 Re4 31. Nxe4 fxe4 32. Rh8+ Kf7 33. Ne5+ Qxe5
34. Qxc4 Rxh8 35. Rxh8 Qxg5 36. Qxc6 Qg1+ 37. Qc1 Qxc1+ 38. Kxc1 Ne6 39. Rh7+
Kf6 40. Rxa7 Nxd4 41. Kd2 Kf5 42. Rf7+ Kg4 43. Rd7 Ne6 44. Rxd5 Nxf4 45. Rxb5
Kf3 46. Rb3+ Kxf2 47. Re3 g5 48. Rxe4 Kf3 49. Re1 g4 50. a4 Kf2 51. a5 Nd3 52.
Re2+ 1-0

[Event "FRA T II 20102011"]
[Site "FRA"]
[Date "2010.10.17"]
[Round "1.7"]
[White "Bilenj, Zoran"]
[Black "Lingelser, Alain"]
[Result "1-0"]
[WhiteElo "1916"]
[BlackElo "1933"]
[PlyCount "99"]
[EventDate "2010.11.13"]
[EventType "team-match"]
[EventRounds "9"]
[EventCountry "FRA"]
[Source "FFE"]
[SourceDate "2010.10.29"]

1. d4 e6 2. c4 Nf6 3. Nc3 d5 4. Bf4 c6 5. e3 Nbd7 6. Nf3 Bb4 7. Qb3 Qa5 8. Nd2
O-O 9. Bd3 Re8 10. O-O Bf8 11. Nf3 dxc4 12. Bxc4 b6 13. e4 Ba6 14. Bd2 Bxc4 15.
Qxc4 Rac8 16. e5 Ng4 17. h3 Nh6 18. Bxh6 gxh6 19. Rfe1 b5 20. Qd3 Red8 21. Ne4
Qc7 22. Nf6+ Nxf6 23. exf6 Qf4 24. Re4 Qxf6 25. Ne5 Bg7 26. Qe3 Rd5 27. Rf4
Rxe5 28. dxe5 Qxe5 29. Re4 Qxb2 30. Rd1 Qxa2 31. Rd2 Qa1+ 32. Kh2 Qf6 33. Qxa7
Rd8 34. Rd7 h5 35. Qc7 Rxd7 36. Qxd7 Qc3 37. Qe8+ Bf8 38. Rf4 Qg7 39. Rf3 h4
40. g3 h5 41. gxh4 c5 42. Rg3 b4 43. Rxg7+ Kxg7 44. Qb5 Kf6 45. Qe2 Ke7 46.
Qxh5 f5 47. Qe2 Kd6 48. f4 Bg7 49. Qa6+ Ke7 50. Qa7+ 1-0

[Event "FRA T II 20102011"]
[Site "FRA"]
[Date "2010.10.17"]
[Round "1.8"]
[White "Barakoff, Annie"]
[Black "Klipper, Noemie"]
[Result "1/2-1/2"]
[WhiteElo "1587"]
[BlackElo "1926"]
[PlyCount "95"]
[EventDate "2010.11.13"]
[EventType "team-match"]
[EventRounds "9"]
[EventCountry "FRA"]
[Source "FFE"]
[SourceDate "2010.10.29"]

1. c4 c5 2. Nc3 g6 3. Nf3 Bg7 4. g3 Nc6 5. Bg2 e6 6. O-O Nge7 7. d3 O-O 8. a3
d6 9. Rb1 Rb8 10. Bd2 Nd4 11. b4 Nxf3+ 12. Bxf3 cxb4 13. axb4 Bd7 14. b5 a6 15.
bxa6 bxa6 16. Rxb8 Qxb8 17. Qc2 Nc6 18. Bxc6 Bxc6 19. e4 f5 20. Be3 Qd8 21. Ne2
e5 22. f3 Qd7 23. Kg2 Bb7 24. Nc3 Bc8 25. Nd5 f4 26. gxf4 exf4 27. Bb6 Bb7 28.
Qf2 Bxd5 29. cxd5 Qb5 30. Bd4 Qxd3 31. Bxg7 Kxg7 32. Qb2+ Kg8 33. Rc1 Qb5 34.
Qd2 a5 35. Rc7 Qb4 36. Qc1 Qd4 37. Rc6 Qe5 38. Qa3 Rd8 39. Qxa5 Qg5+ 40. Kh3
Qh6+ 41. Kg2 Rb8 42. Qc3 Qg5+ 43. Kh3 Qh6+ 44. Kg2 g5 45. Rc8+ Rxc8 46. Qxc8+
Kf7 47. Qd7+ Kf8 48. Qd8+ 1/2-1/2

[Event "FRA T II 20102011"]
[Site "FRA"]
[Date "2010.10.17"]
[Round "1.3"]
[White "Capaces, Francois"]
[Black "Strugnell, Carl"]
[Result "1/2-1/2"]
[WhiteElo "2083"]
[BlackElo "2226"]
[PlyCount "91"]
[EventDate "2010.11.13"]
[EventType "team-match"]
[EventRounds "9"]
[EventCountry "FRA"]
[Source "FFE"]
[SourceDate "2010.10.29"]

1. d4 Nf6 2. Nc3 d5 3. Bg5 c5 4. Bxf6 gxf6 5. Nf3 Nc6 6. e3 Bf5 7. dxc5 e5 8.
Qxd5 Qxd5 9. Nxd5 O-O-O 10. O-O-O e4 11. Nh4 Be6 12. Nc3 Rxd1+ 13. Kxd1 f5 14.
g4 fxg4 15. Nxe4 Be7 16. Nd6+ Bxd6 17. cxd6 Rd8 18. h3 Rxd6+ 19. Kc1 gxh3 20.
Bxh3 Bxh3 21. Rxh3 Rh6 22. Rh2 Kd7 23. Kd1 Ke6 24. Nf3 Rxh2 25. Nxh2 Ne5 26. b3
Kf5 27. c4 h5 28. Ke2 h4 29. f3 a5 30. Nf1 Nc6 31. a3 Kg5 32. Nh2 a4 33. bxa4
Na5 34. f4+ Kh5 35. c5 Nb3 36. Kf3 Nxc5 37. Ng4 Ne4 38. Nh2 f5 39. a5 h3 40.
Nf1 Kh4 41. Nh2 Kh5 42. Ke2 Nf6 43. Kf3 Kh4 44. Nf1 Ng4 45. a4 Kh5 46. Kg3
1/2-1/2

[Event "FRA T II 20102011"]
[Site "FRA"]
[Date "2010.10.17"]
[Round "1.1"]
[White "Adrian, Claude"]
[Black "Pozdnjakov, Viatcheslav"]
[Result "1/2-1/2"]
[WhiteElo "2271"]
[BlackElo "2234"]
[PlyCount "89"]
[EventDate "2010.11.13"]
[EventType "team-match"]
[EventRounds "9"]
[EventCountry "FRA"]
[Source "FFE"]
[SourceDate "2010.10.29"]

1. c4 c6 2. e4 d5 3. exd5 cxd5 4. d4 Nf6 5. Nc3 g6 6. Bg5 Nbd7 7. cxd5 Bg7 8.
d6 O-O 9. dxe7 Qxe7+ 10. Be2 Qb4 11. a3 Qa5 12. Qd2 Nd5 13. Nf3 N7f6 14. O-O
Nxc3 15. Qxc3 Qb6 16. Qb4 Qxb4 17. axb4 Ne4 18. Be3 Be6 19. Rfc1 Rfd8 20. Rc7
Bd5 21. Bc4 Bxc4 22. Rxc4 Rd5 23. h3 Nd6 24. Rc5 Rxc5 25. bxc5 Nb5 26. Rd1 a6
27. Rd2 Kf8 28. d5 Ke7 29. Kf1 h6 30. c6 bxc6 31. dxc6 Rc8 32. Rc2 g5 33. Bd2
Kd6 34. Bb4+ Kd5 35. Rc5+ Ke6 36. b3 f6 37. Rc2 Kd5 38. Rd2+ Kxc6 39. Rc2+ Kd7
40. Rxc8 Kxc8 41. g4 Kd7 42. Ke2 Ke6 43. Kd3 f5 44. Nd2 fxg4 45. hxg4 1/2-1/2

[Event "FRA T II 20102011"]
[Site "FRA"]
[Date "2010.10.17"]
[Round "1.6"]
[White "Aeschbacher, Johann"]
[Black "Schwicker, Francois"]
[Result "1/2-1/2"]
[WhiteElo "2058"]
[BlackElo "2187"]
[PlyCount "88"]
[EventDate "2010.11.13"]
[EventType "team-match"]
[EventRounds "9"]
[EventCountry "FRA"]
[Source "FFE"]
[SourceDate "2010.10.29"]

1. d4 d5 2. Nf3 Bf5 3. c4 e6 4. cxd5 exd5 5. Qb3 Nc6 6. Bd2 Rb8 7. Nc3 Nf6 8.
e3 Bb4 9. Be2 O-O 10. O-O Bxc3 11. Bxc3 Ne4 12. a4 Nxc3 13. Qxc3 Qd6 14. a5
Rfc8 15. Rfc1 Nd8 16. b4 c6 17. Qc5 Qxc5 18. bxc5 b5 19. cxb6 axb6 20. axb6
Rxb6 21. h3 Rcb8 22. g4 Be6 23. Ra3 f6 24. Rac3 Ra8 25. Ne1 Kf7 26. Nd3 Ke7 27.
f3 Bc8 28. Nc5 Nb7 29. Nxb7 Bxb7 30. Kf2 Ra2 31. R1c2 Rbb2 32. Bd3 h6 33. Rxb2
Rxb2+ 34. Rc2 Rxc2+ 35. Bxc2 Kd6 36. h4 c5 37. dxc5+ Kxc5 38. Bf5 d4 39. exd4+
Kxd4 40. f4 Be4 41. Bc8 Bc6 42. g5 Be8 43. gxh6 gxh6 44. Kg3 Bh5 1/2-1/2

[Event "FRA T II 20102011"]
[Site "FRA"]
[Date "2010.10.17"]
[Round "1.5"]
[White "Grosdemange, David"]
[Black "Buchy, Daniel"]
[Result "0-1"]
[WhiteElo "1959"]
[BlackElo "2113"]
[PlyCount "86"]
[EventDate "2010.11.13"]
[EventType "team-match"]
[EventRounds "9"]
[EventCountry "FRA"]
[Source "FFE"]
[SourceDate "2010.10.29"]

1. d4 d5 2. e4 dxe4 3. Nc3 Nf6 4. f3 exf3 5. Nxf3 g6 6. Bc4 Bg7 7. O-O O-O 8.
Qe1 Nc6 9. Qh4 Bg4 10. Ne2 Qd7 11. c3 Bxf3 12. Rxf3 Qg4 13. Qf2 Ne4 14. Qf1 Nd6
15. Bd5 Qd7 16. Bf4 e6 17. Bb3 Na5 18. Bc2 Nac4 19. b3 Nb6 20. Rd1 Nf5 21. g4
Ne7 22. Qh3 Nbd5 23. Bh6 f5 24. Bxg7 Kxg7 25. g5 Ng8 26. Qh4 h5 27. Ng3 Rae8
28. Nxh5+ gxh5 29. Qxh5 Rf7 30. g6 Ndf6 31. Qh4 Rfe7 32. Rh3 Kf8 33. Qg5 Rg7
34. Re1 Qf7 35. Rg3 Qd7 36. h4 Qd6 37. h5 Nxh5 38. Rh3 Nhf6 39. Rh8 Qd8 40.
Bxf5 exf5 41. Rxe8+ Kxe8 42. Qxf5 Qd6 43. Kf2 Kd8 0-1

[Event "FRA T II 20102011"]
[Site "FRA"]
[Date "2010.10.17"]
[Round "1.7"]
[White "Schott, Raimund"]
[Black "Lumsdon, Andrew"]
[Result "0-1"]
[WhiteElo "2037"]
[BlackElo "2057"]
[PlyCount "85"]
[EventDate "2010.11.13"]
[EventType "team-match"]
[EventRounds "9"]
[EventCountry "FRA"]
[Source "FFE"]
[SourceDate "2010.10.29"]

1. e4 c6 2. d4 d5 3. Nd2 dxe4 4. Nxe4 Nf6 5. Nxf6+ gxf6 6. Nf3 Bf5 7. Bf4 e6 8.
Be2 Bd6 9. Bg3 Bxg3 10. hxg3 Nd7 11. O-O Qc7 12. Re1 Bg4 13. c3 O-O-O 14. Qa4
Kb8 15. b4 h5 16. Nh4 Bxe2 17. Rxe2 f5 18. b5 c5 19. dxc5 Nxc5 20. Qc4 Rhg8 21.
Qf4 Qxf4 22. gxf4 Nd3 23. Kf1 Nxf4 24. Rc2 Rg4 25. g3 Ng6 26. Nf3 h4 27. gxh4
Nxh4 28. Ne5 Rg7 29. Ke2 f6 30. Rh1 Ng6 31. Nxg6 Rxg6 32. Rh7 e5 33. c4 Rgg8
34. c5 Rc8 35. c6 bxc6 36. Rxc6 Rxc6 37. bxc6 Rc8 38. Kd3 Rxc6 39. f3 Ra6 40.
Rh1 Ra3+ 41. Kc4 Rxf3 42. a4 Rf4+ 43. Kb5 {suite illisible} 0-1

[Event "FRA T II 20102011"]
[Site "FRA"]
[Date "2010.10.17"]
[Round "1.3"]
[White "Picarda, Laurent"]
[Black "Oberhofer, Andre"]
[Result "1/2-1/2"]
[WhiteElo "2123"]
[BlackElo "2273"]
[PlyCount "81"]
[EventDate "2010.11.13"]
[EventType "team-match"]
[EventRounds "9"]
[EventCountry "FRA"]
[Source "FFE"]
[SourceDate "2010.10.29"]

1. d4 Nf6 2. Nf3 e6 3. Bf4 b6 4. e3 Bb7 5. Nbd2 Be7 6. Bd3 c5 7. c3 Nc6 8. h3
cxd4 9. exd4 O-O 10. O-O d6 11. Qc2 Rc8 12. Rad1 Nb4 13. Qb1 Nxd3 14. Qxd3 Qd7
15. Rfe1 Rfd8 16. Bg5 Qa4 17. Qb1 h6 18. Bh4 Qa5 19. Bxf6 Bxf6 20. Ne4 Be7 21.
a3 Qf5 22. Qd3 g5 23. Qe3 Bf8 24. g4 Qg6 25. Ng3 Re8 26. Qd3 Qxd3 27. Rxd3 f6
28. Nd2 Kf7 29. Rde3 b5 30. Nde4 a5 31. Nh5 Bxe4 32. Rxe4 d5 33. R4e3 b4 34.
axb4 axb4 35. f4 bxc3 36. bxc3 Rc6 37. fxg5 fxg5 38. Rf1+ Ke7 39. Ref3 Rcc8 40.
Rf7+ Kd6 41. R7f3 1/2-1/2

[Event "FRA T II 20102011"]
[Site "FRA"]
[Date "2010.10.17"]
[Round "1.8"]
[White "Billard, Isabelle"]
[Black "Thomas, Apolline"]
[Result "1/2-1/2"]
[WhiteElo "1452"]
[BlackElo "1700"]
[PlyCount "67"]
[EventDate "2010.11.13"]
[EventType "team-match"]
[EventRounds "9"]
[EventCountry "FRA"]
[Source "FFE"]
[SourceDate "2010.10.29"]

1. e4 e5 2. Nc3 Nc6 3. Bc4 Bc5 4. Qg4 g6 5. Qf3 Qf6 6. Nd5 Qxf3 7. Nxf3 Bb6 8.
a3 d6 9. d3 h6 10. h3 Nce7 11. Nxb6 axb6 12. Be3 f5 13. O-O-O fxe4 14. dxe4 Nf6
15. Bd3 Bd7 16. Nh4 Bc6 17. f3 O-O-O 18. g4 Nd7 19. Bc4 Rdf8 20. Rhf1 Nc5 21.
Ba2 Bb5 22. Rf2 Bc6 23. Bd5 Bxd5 24. exd5 Kd7 25. Rdf1 g5 26. Bxc5 bxc5 27. Ng2
Nxd5 28. Kd2 Nf4 29. Nxf4 Rxf4 30. Kd3 Rhf8 31. Ke3 Ke6 32. c3 Kd7 33. Ke2 Ke6
34. Ke3 1/2-1/2

[Event "FRA T II 20102011"]
[Site "FRA"]
[Date "2010.10.17"]
[Round "1.5"]
[White "Heinz, Timothee"]
[Black "Schneider, Heiko"]
[Result "1/2-1/2"]
[WhiteElo "228"]
[BlackElo "2218"]
[PlyCount "68"]
[EventDate "2010.11.13"]
[EventType "team-match"]
[EventRounds "9"]
[EventCountry "FRA"]
[Source "FFE"]
[SourceDate "2010.10.29"]

1. e4 c5 2. Nf3 Nc6 3. Bb5 g6 4. Bxc6 dxc6 5. d3 Nf6 6. Nc3 Bg4 7. Be3 Nd7 8.
h3 Bxf3 9. Qxf3 Bg7 10. O-O O-O 11. Qe2 e5 12. a3 Qe7 13. Bd2 Rfd8 14. Qe1 Nf8
15. Ne2 Ne6 16. a4 Rd7 17. a5 Rad8 18. Bc3 Qg5 19. b3 f5 20. exf5 gxf5 21. f4
exf4 22. Bxg7 Rxg7 23. Qf2 c4 24. bxc4 Kh8 25. Kh1 Rdg8 26. Rg1 Qh6 27. Nd4
Nxd4 28. Qxd4 c5 29. Qe5 f3 30. Rab1 Qc6 31. gxf3 Qxf3+ 32. Kh2 Qf2+ 33. Kh1
Qf3+ 34. Kh2 Qf2+ 1/2-1/2

[Event "FRA T II 20102011"]
[Site "FRA"]
[Date "2010.10.17"]
[Round "1.4"]
[White "Peter, Sebastien"]
[Black "Solonar, Stefan"]
[Result "1/2-1/2"]
[WhiteElo "2219"]
[BlackElo "2318"]
[PlyCount "67"]
[EventDate "2010.11.13"]
[EventType "team-match"]
[EventRounds "9"]
[EventCountry "FRA"]
[Source "FFE"]
[SourceDate "2010.10.29"]

1. e4 c5 2. Nf3 Nc6 3. d4 cxd4 4. Nxd4 e5 5. Nb5 d6 6. c4 Be7 7. N1c3 a6 8. Na3
Be6 9. Nc2 Bg5 10. b3 Bxc1 11. Rxc1 Nge7 12. g3 O-O 13. Bg2 b5 14. Ne3 Nd4 15.
O-O bxc4 16. bxc4 Qa5 17. Ne2 Nxe2+ 18. Qxe2 Rab8 19. Rfd1 Nc6 20. Qd2 Qxd2 21.
Rxd2 Nd4 22. f4 f6 23. Nc2 Nxc2 24. Rcxc2 Rfd8 25. Bf1 Rbc8 26. c5 dxc5 27.
Rxd8+ Rxd8 28. fxe5 Rd1 29. Kf2 fxe5 30. Rxc5 Rd2+ 31. Kg1 Rd1 32. Kf2 Rd2+ 33.
Kg1 Rd1 34. Kf2 1/2-1/2

[Event "FRA T II 20102011"]
[Site "FRA"]
[Date "2010.10.17"]
[Round "1.5"]
[White "Ricter, Jean Paul"]
[Black "Grandadam, Patrick"]
[Result "1/2-1/2"]
[WhiteElo "2117"]
[BlackElo "2159"]
[PlyCount "68"]
[EventDate "2010.11.13"]
[EventType "team-match"]
[EventRounds "9"]
[EventCountry "FRA"]
[Source "FFE"]
[SourceDate "2010.10.29"]

1. e4 c5 2. d4 cxd4 3. c3 dxc3 4. Nxc3 d6 5. Nf3 Nc6 6. Bc4 e6 7. O-O Be7 8.
Qe2 a6 9. Rd1 Qc7 10. Bf4 Nf6 11. e5 dxe5 12. Nxe5 Nxe5 13. Bxe5 Qa5 14. a3 O-O
15. b4 Qb6 16. Na4 Qc6 17. Bb3 Nd7 18. Bg3 Bf6 19. Rac1 Qb5 20. Qc2 Nb6 21. Rd6
Nxa4 22. Bxa4 Qg5 23. Rdd1 e5 24. h4 Qg6 25. Qxg6 hxg6 26. Rc7 b5 27. Bb3 Bf5
28. f3 Rac8 29. Rdc1 g5 30. hxg5 Bxg5 31. Rxc8 Rxc8 32. Rxc8+ Bxc8 33. Bxe5 Bd7
34. Bb2 Bc6 1/2-1/2

[Event "FRA T II 20102011"]
[Site "FRA"]
[Date "2010.10.17"]
[Round "1.2"]
[White "Bastian, Herbert"]
[Black "Lambert, Adrien"]
[Result "1-0"]
[WhiteElo "2337"]
[BlackElo "2094"]
[PlyCount "65"]
[EventDate "2010.11.13"]
[EventType "team-match"]
[EventRounds "9"]
[EventCountry "FRA"]
[Source "FFE"]
[SourceDate "2010.10.29"]

1. e4 d6 2. d4 Nf6 3. Bd3 e5 4. c3 d5 5. dxe5 Nxe4 6. Bxe4 dxe4 7. Qa4+ Bd7 8.
Qxe4 Bc6 9. Qg4 h5 10. Qg3 Qd5 11. Nf3 h4 12. Qg4 Nd7 13. O-O h3 14. c4 Qe6 15.
Qxe6+ fxe6 16. Nbd2 hxg2 17. Re1 Rh5 18. Nd4 Rxe5 19. Rxe5 Nxe5 20. Nxe6 Kf7
21. Nd4 Bd7 22. Kxg2 Rd8 23. b3 Bb4 24. Ne4 Bg4 25. Be3 c5 26. Ng5+ Kg6 27.
Nde6 Re8 28. Nc7 Rf8 29. Nd5 Ba5 30. h3 Bd7 31. f4 Be8 32. Bxc5 Rf5 33. Be7 1-0

[Event "FRA T II 20102011"]
[Site "FRA"]
[Date "2010.10.17"]
[Round "1.2"]
[White "Blum, Nicolas"]
[Black "Vatter, Hans Joachim"]
[Result "1-0"]
[WhiteElo "2269"]
[BlackElo "2330"]
[PlyCount "64"]
[EventDate "2010.11.13"]
[EventType "team-match"]
[EventRounds "9"]
[EventCountry "FRA"]
[Source "FFE"]
[SourceDate "2010.10.29"]

1. e4 c5 2. Nf3 e6 3. d4 cxd4 4. Nxd4 a6 5. Nc3 Qc7 6. Be2 b5 7. O-O Bb7 8. Re1
Nf6 9. Bf3 d6 10. a4 b4 11. Na2 e5 12. Nf5 g6 13. Nh6 Nc6 14. c3 a5 15. Bg5 Ng8
16. Nxg8 Rxg8 17. Be2 Be7 18. Be3 Bf6 19. Bb5 Ke7 20. cxb4 Nxb4 21. Rc1 Qb8 22.
Nxb4 axb4 23. Bb6 Rc8 24. Qg4 Kf8 25. Qd7 Rxc1 26. Rxc1 Bc8 27. Qe8+ Kg7 28.
Bc7 Qb7 29. Bxd6 Be6 30. Qc6 Rc8 31. Bc7 Rxc7 32. Qxc7 Qxe4 {suite illisible}
1-0

[Event "FRA T II 20102011"]
[Site "FRA"]
[Date "2010.10.17"]
[Round "1.8"]
[White "Griggio, Laurent"]
[Black "Roos, Louise"]
[Result "0-1"]
[WhiteElo "1853"]
[BlackElo "1878"]
[PlyCount "63"]
[EventDate "2010.11.13"]
[EventType "team-match"]
[EventRounds "9"]
[EventCountry "FRA"]
[Source "FFE"]
[SourceDate "2010.10.29"]

1. d4 d5 2. c4 e6 3. Nf3 c5 4. e3 Nc6 5. Nc3 Nf6 6. a3 a6 7. Bd3 cxd4 8. exd4
dxc4 9. Bxc4 Be7 10. O-O b5 11. Ba2 O-O 12. Bg5 Bb7 13. Re1 b4 14. Na4 bxa3 15.
bxa3 Nd5 16. Bxe7 Ncxe7 17. Ne5 Qd6 18. Nc5 Bc6 19. Ne4 Qc7 20. Rc1 Qb6 21. Rc5
Rad8 22. Qc2 Ba8 23. Rb1 Qa7 24. Ng5 g6 25. h4 Rc8 26. h5 Rxc5 27. dxc5 Nf4 28.
hxg6 hxg6 29. g3 Nfd5 30. Ne4 Nf5 31. Nd6 Qc7 32. Nxf5 0-1